| 000 | 00877nam a2200241 i 4500 | ||
|---|---|---|---|
| 001 | 17208 | ||
| 003 | ES-MaACL | ||
| 005 | 20250901043508.0 | ||
| 007 | t| | ||
| 008 | 010122s1996 sp ||||0| spa j | ||
| 020 | _a84-8151-247-8 | ||
| 040 |
_aM-BN _bspa _cM-BN |
||
| 080 | _a342.72/.73(460) | ||
| 100 | 1 |
_aMartínez-Calcerrada, Luis. _977909 |
|
| 245 | 1 | 3 |
_aEl machismo en el derecho _b: (sociología jurídica de la igualdad): sentencias 18-4-1995 y 6-7-1995 del Tribunal Supremo sobre sucesión de Títulos nobiliarios / _cLuis Martínez-Calcerrada. |
| 260 |
_aPeligros : _bComares, _c[1996] |
||
| 300 |
_a282 p. ; _c22 cm. |
||
| 490 | 1 | _aBiblioteca Comares de ciencia jurídica | |
| 650 | 1 | 4 |
_aMujeres- _xDerechos- _zEspaña _915265 |
| 830 | 0 |
_aBiblioteca Comares de ciencia jurídica _9179318 |
|
| 852 |
_aES-MaACL _jL-24170 _bR.129362 |
||
| 999 |
_c17208 _d17208 |
||